LEADER 01039nam a2200265 i 4500 001 000000154103 003 CaOOAMICUS 005 20061010000000.0 008 061010s1957 it u000 u ita u 013 $a131449 040 $aSeMil$bita 100 1 $aParodi, Giacomo Ernesto.$0(OLS)http://semarc/name/1199 245 10$aParte seconda. 300 $aP. 204-542. 490 0 $aBiblioteca di cultura ;$v16. 500 $aContiene : Errata corrige. - Fondo Ciprandi. 700 1 $aSchiaffini, Alfredo.$0(OLS)http://semarc/name/145 700 1 $aFolena, Gianfranco,$d<1920-1992>.$0(OLS)http://semarc/name/7613 773 0 $aParodi, Giacomo Ernesto$tLingua e Letteratura.$dVicenza : Neri Pozza, 1957.$kBiblioteca di cultura$w()16539 830 0$aBiblioteca di cultura ;$v16.$0(OLS)http://semarc/title/6149 850 $aSeMil 852 $aSeMil$W1$xVenegono$y1$m1D V 150$j105966$B105966$CSeMilBibl$Z2$F115199 $81 941 1 $a1 961 $aOmaggio: Ciprandi dott. Paolo 996 $6245$aParte seconda$9(OLS)http://semarc/title/101303 LEADER 01104nam a2200277 i 4500 001 000000195275 003 CaOOAMICUS 005 20190923155037.0 008 161111n it u000 u ita u 013 $a173945 020 $a88-7759-119-X 040 $aSeMil$bita 100 1 $aGili, Antonio.$0(OLS)http://semarc/name/70874 245 10$aCarlo Cattaneo (1801-1869) :$bun italiano svizzero /$cAntonio Gili. 260 $aLugano :$bCasagrande,$c2001?] 300 $a126 p. ;$c24 cm. 490 0 $aStoria 600 14$aCattaneo, Carlo <1801-1869>.$0(OLS)http://semarc/subject/2437 830 0$aStoria [Casagrande].$0(OLS)http://semarc/title/425835 850 $aSeMil 852 $aSeMil$W1$xVenegono$y1$m3U IV 483$j145844$B145844$CSeMilBibl$Z2$F214576 $81 961 $aOmaggio: Grampa dott. Cesare 996 $6020$a88-7759-119-X$9(OLS)http://semarc/number/186940 996 $6245$aCarlo Cattaneo (1801-1869) :$bun italiano svizzero$9(OLS)http://semarc/title/281699 996 $6260$aLugano :$bCasagrande$9(OLS)http://semarc/publisher/32507